Northwest Caucasian Languages of the Soviet Union - Statistics

General Stats
  • This quiz has been taken 16 times
  • The average score is 3 of 5
Answer Stats
Hint Answer % Correct
Northwest Caucasian - Abazgi Abaza
70%
Northwest Caucasian - Circassian Adyghe (West Circassian)
70%
Northwest Caucasian - Abazgi Abkhaz
60%
Northwest Caucasian - Circassian Kabardian (East Circassian)
60%
Northwest Caucasian Ubykh
10%
No matching quizzes found
Score Distribution
Percent of People with Each Score
Percentile by Number Answered
Your Score History
You have not taken this quiz